000 00981cab a2200277 4500
001 E89974
008 090401t1998 xxu||||| |||| 00| 0 eng d
035 _a(Sirsi) u84425
041 _aeng
245 _aSecretary of State for Scotland v Highland Council
260 _c1998
350 _a0
490 _aScots Law Times
_v1998 SLT 222-224(3)
520 _aOuter House. 15 April 1997. Town and country planning - listed building - proposed demolition without consent - interim interdict - dangerous condition of building adjacent to primary school - proposed emergency remedial work - balance of convenience.
650 _aCONSENT
650 _aDEMOLITION
650 _aINTERIM INTERDICT
650 _aLISTED BUILDINGS
650 _aSCOTS LAW
650 _aTOWN AND COUNTRY PLANNING (SCOTLAND) ACT 1972
650 _aTOWN AND COUNTRY PLANNING
650 _aWITHOUT CONSENT
690 _aPLANNING LAW AND PRACTICE-CASE LAW
942 _n0
948 _c23/02/1998
999 _c53055
_d53055